| 000 | 00887nam0a22002531 4500 | ||
|---|---|---|---|
| 001 | rc\762546 | ||
| 005 | 20250622123151.0 | ||
| 035 | _a(NLR Aleph) 006290121 | ||
| 090 |
_a7140827 _c7140827 |
||
| 100 | _a20040301d1985 |||y0rusy50 ca | ||
| 101 | 0 | _arus | |
| 102 | _aRU | ||
| 105 | _aa ||||||||| | ||
| 200 | 1 |
_aОформление чертежей железобетонных конструкций в курсовых и дипломных проектах _e[Метод. пособие] |
|
| 210 |
_aТашкент _cУкитувчи _d1985 |
||
| 215 |
_a[1], 40 с. _cчерт. _d22х29 |
||
| 320 | _aБиблиогр.: с. 3 | ||
| 700 | 1 |
_aНиколаев _bИ.И. _gИван Иванович |
|
| 701 | 1 |
_aПалкина _bЛ.В. _gЛариса Васильевна |
|
| 801 | 0 |
_aRU _bNLR _gpsbo |
|
| 801 | 1 |
_aRU _bELAR _2rusmarc |
|
| 852 |
_aNLR _j87-8/366 |
||
| 942 | _cBOOK | ||
| 980 | _aNB | ||